000 00497nam a2200181Ia 4500
005 20250508152942.0
008 008 250505s9999 xx 000 0 eng d
037 _aTextual
040 _aFEDL
_beng
_cFEDL
041 _aeng
_2eng
084 _a294.3, WAL
_qFEDL
100 _aWalshe M.O.C.
_9762823
245 0 _aBuddhism for today
260 _aLondon, UK
_bGeorge Allen and Unwin Limited
_c1962
300 _a143p.
942 _cTEXL
_h294.3, WAL
999 _c1339784
_d1339784